In adversis et prosperis Pamätná strieborná minca k 250. výročiu narodenia Mórica Beňovského ; Dagmar Flaché

Bibliographic Details
Main Author: Flaché, Dagmar (Author)
Format: Article
Language:Slovak
PhysicalDescription:Obr. 3
ISSN:1335-0900
Subjects:

MARC

LEADER 00000nab a2200000 a 4500
001 vtls000603305
003 SK-MaSNL
005 20260304095946.0
008 250425c1996 xo 0 slo
015 |a SNBRB19rr/mm-uuuuu 
035 |a CL0603444 
035 |a urn:nbn:sk:snk-ab26yv 
035 |a (urnnbn)urn:nbn:sk:snk:ar-a01s4g 
035 |a (uuid)1234157b-ffdf-4cc9-a8c5-f32c816a16ed 
040 |a SNKBUCL  |b slo  |c SNKBUCL  |e AACR2 
041 0 |a slo 
044 |a xo  |c SK 
080 |a 737.122.2(437.6)  |2 1981 
080 |a 943.76-051"17"  |2 1981 
080 |a 969.1-051"17"  |2 1981 
080 |a 929 Beňovský, Móric  |2 1981 
245 0 0 |a In adversis et prosperis  |b Pamätná strieborná minca k 250. výročiu narodenia Mórica Beňovského ; Dagmar Flaché 
300 |b Obr. 3 
600 1 7 |a Beňovský, Móric,  |d 1746-1786  |2 snkbucl  |9 93692 
650 0 7 |a strieborné mince  |2 snkbucl  |9 82577 
655 7 |a články z novín a časopisov  |2 snkbucl  |9 267496 
700 1 |a Flaché, Dagmar  |4 aut  |9 850558 
773 0 |t Biatec  |g Roč. 4, č. 10 (1996), s. 24-25  |x 1335-0900 
850 |a Slovenská národná knižnica 
852 |a Slovenská národná knižnica 
954 |a odborná, vedecká literatúra pôvodná (slovenská)  |2 lita 
958 |a article2022 
958 |a SK 
958 |a BX 
958 |a RK 
958 |a OND 
958 |a EUIPO 
992 |a RBX 
999 |c 2835113  |d 2837043